[Event "RN-2015-0-01068"]
[Site "LSS email"]
[Date "2015.12.26"]
[Round "?"]
[White "Belter, Edmund"]
[Black "Churyaev, Aleksej"]
[Result "0-1"]
[WhiteElo "1071"]
[BlackElo "1164"]
[PlyCount "31"]
[EventDate "2015.12.21"]
[EventType "tourn (corr)"]
[EventRounds "6"]
[EventCountry "GER"]
[SourceTitle "Corr 2022"]
[Source "ChessBase"]
[SourceDate "2021.10.24"]
[SourceVersion "1"]
[SourceVersionDate "2021.10.24"]
[SourceQuality "1"]

1. e4 c5 2. Nf3 d6 3. Nc3 a6 4. d4 cxd4 5. Nxd4 g6 6. Be3 Bg7 7. Bc4 Nf6 8. 0-0 0-0 9. Be2 Nbd7 10. a3 Qc7 11. h3 b6 12. Nf3 Bb7 13. Rb1 Nxe4 14. Nxe4 Bxe4 15. Nd2 Bc6 16. b4 0-1